00450nam a2200145Ia 4500008004100000041000800041082001200049100001700061245002600078260002600104300002400130365000900154999001700163952012400180240624s9999 xx 000 0 und d aeng a823 REN aRENDELL RUTH a13 STEPS DOWN A NOVEL c2004aNew YorkbCrown a340 : p. : cm. ; 24 cb20 c11499d11499 00104070aIMTNbIMTNcRack 38-Bd2008-11-05eWBDg25.00n518o823 RENp11499r2024-06-24 00:00:00t48w2024-06-24yBK